000 00453nam a22001577a 4500
005 20251108172207.0
008 250721s1987 xx 000 0 ara d
082 1 4 _a629.8/إبر
100 1 _aالعرباوي، إبراهيم
245 1 0 _aهندسة التحكم الآلي /
264 1 _aبيروت :
_bدار الراتب الجامعية،
_c1987.
300 _a
650 1 7 _aالتحكم الآلي
942 _2ddc
_cBK
999 _c72785
_d72785